Frontiers in science and technology : A selected outlook : a report by the Committee on Science, Engineering, and Public Policy of the National Academy of Sciences, National Academy of Engineering, Institute of Medicine.

Prepared at the request of the National Science Foundation"-P. Includes bibliographies and index.

保存先:
書誌詳細
フォーマット: 図書
言語:Undetermined
出版事項: San Francisco W.H. Freeman 1983
主題:
タグ: タグ追加
タグなし, このレコードへの初めてのタグを付けませんか!
Thư viện lưu trữ: Trung tâm Học liệu Trường Đại học Cần Thơ
LEADER 00738nam a2200181Ia 4500
001 CTU_226247
008 210402s9999 xx 000 0 und d
082 |a 500 
082 |b F935 
245 0 |a Frontiers in science and technology : 
245 2 |b A selected outlook : a report by the Committee on Science, Engineering, and Public Policy of the National Academy of Sciences, National Academy of Engineering, Institute of Medicine. 
260 |a San Francisco 
260 |b W.H. Freeman 
260 |c 1983 
520 |a Prepared at the request of the National Science Foundation"-P. Includes bibliographies and index. 
650 |a Công nghệ,Technology 
910 |b nthai 
980 |a Trung tâm Học liệu Trường Đại học Cần Thơ